Újságkivágat cigány bűnesetről.
Elmentve itt :
| Dokumentumtípus: | Kézirat |
|---|---|
| Megjelent: |
1902-08-10
|
| Kulcsszavak: | cigány bűneset, kuruzslás |
| Online Access: | http://misc.bibl.u-szeged.hu/46893 |
| LEADER | 00529ntm a2200157 i 4500 | ||
|---|---|---|---|
| 001 | misc46893 | ||
| 005 | 20200519104125.0 | ||
| 008 | 200519s1902 hu o 0|| hun d | ||
| 040 | |a SZTE Miscellanea Repozitórium |b hun | ||
| 041 | |a hun | ||
| 245 | 0 | 0 | |a Újságkivágat cigány bűnesetről. |h [elektronikus dokumentum] |
| 260 | |c 1902-08-10 | ||
| 300 | |a 1 | ||
| 561 | |a Herrmann Antal hagyaték | ||
| 695 | |a cigány bűneset, kuruzslás | ||
| 856 | 4 | 0 | |u http://misc.bibl.u-szeged.hu/46893/1/hermann_antal_ms_1934_004_egyeb_130.pdf |z Dokumentum-elérés |